| 000 | 01912cab a22002295a 4500 | ||
|---|---|---|---|
| 001 | L142248 | ||
| 008 | 080131e20071120xxk f v 000 0 eng d | ||
| 035 | _a(Sirsi) u142248 | ||
| 041 | 0 | _aeng | |
| 245 | 0 | 0 |
_aCawsand Fort Management Co Ltd v EM Stafford and others _h[electronic resource] |
| 260 | _c2007 | ||
| 520 | _a[2007] EWCA Civ 1187, 12 October 2007. Considers whether the leasehold valuation tribunal has the power to order an appointed land manager to perform actions on land outside their leased buildings and associated areas. The appellant (C) was the proprietor of a freehold company of residential units. The respondent lessees (S) were entitled by covenant to use nearby amenity land for recreational purposes, which C was covenanted to repair and maintain. C did not carry out these obligations, and the tribunal granted S's application to appoint a manager (see L136578). S appealed, arguing that the tribunal did not have the power to do this. "Held": The language used by section 21(1) of Part II of the Landlord and Tenant Act 1987 allowed for the appointment of a manager in relation to the properties. C's submission did not take account of this. There was nothing in the Act limiting the Tribunal's power merely to the buildings and their curtilages. Appeal dismissed. | ||
| 590 | _aKA | ||
| 650 | 2 | 4 | _aCAWSAND FORT MANAGEMENT CO LTD V STAFFORD AND OTHERS |
| 650 | 2 | 4 | _aCAWSAND FORT MANAGEMENT CO LTD V STAFFORD AND OTHERS (NO.2) |
| 650 | 2 | 4 | _aLANDLORD AND TENANT ACT 1987 |
| 651 | 4 |
_aEngland and Wales _y1543- |
|
| 690 | _aPROPERTY-RURAL AND NATURAL ASSETS-RURAL AND NATURAL ASSET MANAGEMENT-LAND MANAGEMENT | ||
| 690 | _aMANAGEMENT-DISPUTE AVOIDANCE, MANAGEMENT AND RESOLUTION-DISPUTE MANAGEMENT AND RESOLUTION-TRIBUNALS-LANDS TRIBUNAL | ||
| 856 | 4 | 8 |
_uhttps://www.bailii.org/ew/cases/EWCA/Civ/2007/1187.html _zView the judgment free of charge at www.bailii.org... |
| 942 | _n0 | ||
| 999 |
_c79759 _d79759 |
||